000 00816nam a2200229Ia 4500
005 20250108125116.0
008 008 250107s9999 xx 000 0 hin d
020 _a978-93-83848-80-5
037 _aTB
040 _aCRL
_bhin
_cCRL
041 _ahin
_2hin
084 _aX:51-76.2'C R3
084 _qCRL
100 _aगुप्तिसागर, ले.
245 0 _aभारत की आत्मा सामाजिक समरसता
_cगुप्तिसागर, ले.
260 _aदिल्ली, भारत
_bप्रभात प्रकाशन
_c3344
300 _a336पृ0
365 _aINR
_b900
650 _aआध्यात्मिक अनुभव और रहस्यवाद
942 _cTB
_hX:51-76.2'C R3
999 _c1235732
_d1235732